Land vs. Land #142 - Statistiken

Allgemein
  • Dieses Quiz wurde 13 mal gespielt
  • Das Durchschnittsergebnis liegt bei 11 aus 14
Antwortstatistiken
Frage Antwort % Korrekt
...Fläche? Japan🇯🇵
100%
...Einwohner? Japan🇯🇵
100%
...Bruttoinlandsprodukt? Japan🇯🇵
100%
...Bruttoinlandsprodukt pro Kopf? Japan🇯🇵
100%
...Militär? Japan🇯🇵
100%
...Lebenserwartung? Japan🇯🇵
100%
...Gewinner? Japan🇯🇵
100%
...durchschnittlicher IQ? Japan🇯🇵
92%
...Exportmengen? Japan🇯🇵
83%
...HDI (Human Development Index)? Japan🇯🇵
75%
...Frieden? Portugal🇵🇹
58%
...Happy Planet Index? Japan🇯🇵
42%
...Tourismus? Portugal🇵🇹
33%
...Gesundheitswesen? Portugal🇵🇹
8%
Keine übereinstimmenden Quizze gefunden
Verteilung der Resultate
Anzahl Personen mit jedem Resultat
Perzentil nach korrekt beantworteten Fragen
Ihre Resultats-Entwicklung
Sie haben dieses Quiz noch nicht gespielt